You can't see your bones with binoculars : (Record no. 3012)

MARC details
000 -LEADER
fixed length control field 01091cam a22003014a 4500
005 - DATE AND TIME OF LATEST TRANSACTION
control field 20260327132349.0
020 ## - INTERNATIONAL STANDARD BOOK NUMBER
International Standard Book Number 9780439798808
040 ## - CATALOGING SOURCE
Original cataloging agency DLC
Transcribing agency DLC
Modifying agency DLC
Language of cataloging eng
050 00 - LIBRARY OF CONGRESS CALL NUMBER
Classification number QM101.Z54
082 00 - DEWEY DECIMAL CLASSIFICATION NUMBER
Classification number 611.71
100 1# - MAIN ENTRY--PERSONAL NAME
Personal name Ziefert, Harriet
245 10 - TITLE STATEMENT
Title You can't see your bones with binoculars :
Remainder of title a guide to your 206 bones /
Statement of responsibility, etc. Harriet Ziefert ; pictures by Amanda Haley.
250 ## - EDITION STATEMENT
Edition statement First Scholastic printing , October 2005
260 ## - PUBLICATION, DISTRIBUTION, ETC.
Place of publication, distribution, etc. New York :
Name of publisher, distributor, etc. Scholastic ,
Date of publication, distribution, etc. 2003
300 ## - PHYSICAL DESCRIPTION
Extent 24 unnumbered pages :
Other physical details color illustrations ;
Dimensions 26 cm .
505 ## - FORMATTED CONTENTS NOTE
Formatted contents note Z <br/>
520 ## - SUMMARY, ETC.
Summary, etc. Text and illustrations, including xrays, provide a guided tour of the human skeleton, encouraging the reader to find and feel each bone as it is described.
521 ## - TARGET AUDIENCE NOTE
Target audience note 920 <br/>
Source Lexile <br/>
521 ## - TARGET AUDIENCE NOTE
Target audience note Z <br/>
Source Raz-Plus <br/>
650 #0 - SUBJECT ADDED ENTRY--TOPICAL TERM
Topical term or geographic name entry element Human skeleton
Form subdivision Juvenile literature.
650 #0 - SUBJECT ADDED ENTRY--TOPICAL TERM
Topical term or geographic name entry element Bones
Form subdivision Juvenile literature.
650 #1 - SUBJECT ADDED ENTRY--TOPICAL TERM
Topical term or geographic name entry element Skeleton.
650 #1 - SUBJECT ADDED ENTRY--TOPICAL TERM
Topical term or geographic name entry element Bones.
700 1# - ADDED ENTRY--PERSONAL NAME
Personal name Haley, Amanda
Relator term illustrator
906 ## - LOCAL DATA ELEMENT F, LDF (RLIN)
a 7
b cbc
c orignew
d 1
e ocip
f 20
g y-gencatlg
942 ## - ADDED ENTRY ELEMENTS (KOHA)
Source of classification or shelving scheme Dewey Decimal Classification
Koha item type Books
Suppress in OPAC No
999 ## -
-- 3012
-- 3012
Holdings
Withdrawn status Lost status Source of classification or shelving scheme Damaged status Not for loan Collection Home library Current library Shelving location Date acquired Total Checkouts Full call number Barcode Date last seen Copy number Price effective from Koha item type
    Dewey Decimal Classification     Non-Fiction Footprints International School Library Network Toul Tom Poung Campus Footprints International School Library Network Toul Tom Poung Campus TTP Secondary Non-Fiction Bookshelves 01/30/2024   ZIE 611.71 QM101.Z54 FISTK02059 01/30/2024 2 01/30/2024 Books
    Dewey Decimal Classification     Non-Fiction Footprints International School Library Network Toul Tom Poung Campus Footprints International School Library Network Toul Tom Poung Campus TTP Secondary Non-Fiction Bookshelves 03/27/2026   ZIE 611.71 QM101.Z54 FISBK06297 03/27/2026 1 03/27/2026 Books